| 000 | 01013cam a2200229 4500 | ||
|---|---|---|---|
| 001 | WB3643-32 | ||
| 008 | 000000n2000 000 0 eng u | ||
| 035 | _a(Sirsi) u109031 | ||
| 245 | _aGatekeepers of technology | ||
| 260 | _c2000 | ||
| 490 |
_aFinancial Times _v27 October 2000, 34(2) |
||
| 520 | _aUS regulators are wrestling with the problem of how to open up buildings to telecoms providers - of balancing a desire to obtain the fullest competition between them whilst also respecting the ownership rights of landlords. Responses from interest groups underscore the complexity of the issues. Does the landlord's right to exploit his investment commercially in any way infringe the rights of tenants to buy services or the rights of providers to sell them? | ||
| 590 | _aWB | ||
| 650 | _aTELECOMS COMPANIES | ||
| 650 | _aACCESS TO BUILDINGS | ||
| 650 | _aCOMPETITION | ||
| 650 | _aLANDLORDS | ||
| 650 | _aTENANTS | ||
| 650 | _aSERVICES | ||
| 690 | _aTRANSPORT AND COMMUNICATIONS | ||
| 942 | _n0 | ||
| 999 |
_c65116 _d65116 |
||